[Event "DVM U10 2020"]
[Site "Magdeburg GER"]
[Date "2021.08.07"]
[Round "4"]
[White "Shen, Tingrui"]
[Black "Xue, Luka"]
[Result "1/2-1/2"]
[Termination "normal"]
[Board "2.1"]
[WhiteElo "1561"]
[BlackElo "1496"]
[WhiteClock "00:18:47"]
[BlackClock "00:01:41"]
[WhiteTeam "TV Tegernsee"]
[BlackTeam "Düsseldorfer Schachverein 1854"]
[PlyCount "86"]
[WhiteFideId "34603441"]
[BlackFideId "16277252"]
[EventCountry "GER"]
[EventRounds "7"]
[EventType "team-swiss"]
[EventDate "2021.08.06"]

1. e4 {[%clk 00:55:07]} {[%emt 00:00:03]} e6 {[%clk 00:54:51]} {[%emt
00:00:19]} 2. d4 {[%clk 00:55:03]} {[%emt 00:00:09]} d5 {[%clk 00:54:51]}
{[%emt 00:00:06]} 3. Nc3 {[%clk 00:54:58]} {[%emt 00:00:09]} Nf6 {[%clk
00:54:45]} {[%emt 00:00:12]} 4. e5 {[%clk 00:54:46]} {[%emt 00:00:17]} Nfd7
{[%clk 00:54:32]} {[%emt 00:00:18]} 5. f4 {[%clk 00:54:36]} {[%emt 00:00:15]}
c5 {[%clk 00:54:23]} {[%emt 00:00:14]} 6. Nf3 {[%clk 00:54:33]} {[%emt
00:00:07]} Nc6 {[%clk 00:54:16]} {[%emt 00:00:13]} 7. Be3 {[%clk 00:54:21]}
{[%emt 00:00:16]} Be7 {[%clk 00:53:10]} {[%emt 00:01:12]} 8. Qd2 {[%clk
00:53:32]} {[%emt 00:00:54]} a6 {[%clk 00:51:55]} {[%emt 00:01:20]} 9. O-O-O
{[%clk 00:52:38]} {[%emt 00:00:57]} Qa5 {[%clk 00:50:53]} {[%emt 00:01:10]} 10.
Be2 {[%clk 00:51:21]} {[%emt 00:01:21]} b5 {[%clk 00:49:25]} {[%emt 00:01:33]}
11. dxc5 {[%clk 00:49:07]} {[%emt 00:02:18]} Nxc5 {[%clk 00:48:46]} {[%emt
00:00:44]} 12. Kb1 {[%clk 00:45:01]} {[%emt 00:04:10]} Bb7 {[%clk 00:37:31]}
{[%emt 00:11:21]} 13. Bd3 {[%clk 00:40:43]} {[%emt 00:04:24]} b4 {[%clk
00:32:44]} {[%emt 00:04:52]} 14. Ne2 {[%clk 00:40:24]} {[%emt 00:00:23]} Qc7
{[%clk 00:30:16]} {[%emt 00:02:34]} 15. Qe1 {[%clk 00:38:23]} {[%emt 00:02:06]}
a5 {[%clk 00:28:54]} {[%emt 00:01:27]} 16. Qg3 {[%clk 00:37:27]} {[%emt
00:00:59]} g6 {[%clk 00:23:54]} {[%emt 00:05:07]} 17. h4 {[%clk 00:36:34]}
{[%emt 00:00:59]} a4 {[%clk 00:21:26]} {[%emt 00:02:32]} 18. h5 {[%clk
00:36:03]} {[%emt 00:00:35]} b3 {[%clk 00:19:47]} {[%emt 00:01:45]} 19. a3
{[%clk 00:35:29]} {[%emt 00:00:38]} Nxd3 {[%emt 00:02:31]} 20. cxd3 {[%clk
00:34:32]} {[%emt 00:00:55]} Bxa3 {[%clk 00:14:23]} {[%emt 00:03:10]} 21. bxa3
{[%clk 00:32:28]} {[%emt 00:02:09]} Nb4 {[%clk 00:13:20]} {[%emt 00:01:09]} 22.
Rc1 {[%clk 00:31:13]} {[%emt 00:01:19]} Nc2 {[%clk 00:12:46]} {[%emt 00:00:40]}
23. Ned4 {[%clk 00:29:39]} {[%emt 00:01:38]} Qc5 {[%clk 00:07:17]} {[%emt
00:05:35]} 24. Nxc2 {[%clk 00:27:10]} {[%emt 00:02:33]} bxc2+ {[%clk 00:06:14]}
{[%emt 00:01:08]} 25. Rxc2 {[%clk 00:26:53]} {[%emt 00:00:22]} Qxe3 {[%clk
00:06:03]} {[%emt 00:00:16]} 26. hxg6 {[%clk 00:26:35]} {[%emt 00:00:23]} Qxd3
{[%clk 00:02:08]} {[%emt 00:04:01]} 27. gxf7+ {[%clk 00:25:34]} {[%emt
00:01:06]} Kf8 {[%clk 00:01:27]} {[%emt 00:00:46]} 28. Kb2 {[%clk 00:24:30]}
{[%emt 00:01:08]} Rb8 {[%clk 00:01:13]} {[%emt 00:00:20]} 29. Kc1 {[%clk
00:23:56]} {[%emt 00:00:38]} Qxa3+ {[%clk 00:01:16]} {[%emt 00:00:02]} 30. Kd2
{[%clk 00:23:32]} {[%emt 00:00:28]} Qb4+ {[%clk 00:01:13]} {[%emt 00:00:10]}
31. Ke2 {[%clk 00:23:12]} {[%emt 00:00:22]} Ba6+ {[%clk 00:01:16]} {[%emt
00:00:04]} 32. Kf2 {[%clk 00:22:59]} {[%emt 00:00:18]} Qb6+ {[%clk 00:01:19]}
{[%emt 00:00:03]} 33. Nd4 {[%clk 00:21:28]} {[%emt 00:01:35]} Qxd4+ {[%clk
00:01:23]} {[%emt 00:00:02]} 34. Qe3 {[%clk 00:21:19]} {[%emt 00:00:13]} Qxe3+
{[%clk 00:01:26]} {[%emt 00:00:03]} 35. Kxe3 {[%clk 00:21:11]} {[%emt
00:00:12]} Rb3+ {[%clk 00:01:28]} {[%emt 00:00:04]} 36. Kf2 {[%clk 00:20:59]}
{[%emt 00:00:16]} Kxf7 {[%clk 00:01:32]} {[%emt 00:00:02]} 37. Rc7+ {[%clk
00:20:57]} {[%emt 00:00:06]} Kg6 {[%clk 00:01:36]} {[%emt 00:00:02]} 38. Rc6
{[%clk 00:20:35]} {[%emt 00:00:25]} Kf5 {[%clk 00:01:38]} {[%emt 00:00:04]} 39.
Rxa6 {[%clk 00:20:01]} {[%emt 00:00:38]} a3 {[%clk 00:01:34]} {[%emt 00:00:10]}
40. g3 {[%clk 00:19:38]} {[%emt 00:00:28]} Rb2+ {[%clk 00:01:35]} {[%emt
00:00:04]} 41. Kf3 {[%clk 00:19:11]} {[%emt 00:00:31]} a2 {[%clk 00:01:36]}
{[%emt 00:00:04]} 42. Ra1 {[%clk 00:19:02]} {[%emt 00:00:14]} Rhb8 {[%clk
00:01:40]} {[%emt 00:00:03]} 43. g4+ {[%clk 00:18:47]} {[%emt 00:00:20]} Kg6
{[%clk 00:01:41]} {[%emt 00:00:04]} 0-1

[Event "DVM U10 2020"]
[Site "Magdeburg GER"]
[Date "2021.08.07"]
[Round "4"]
[White "Dell, Philip"]
[Black "Limmer, Marco"]
[Result "1-0"]
[Termination "normal"]
[Board "2.2"]
[WhiteElo "1218"]
[BlackElo "1352"]
[WhiteClock "00:09:33"]
[BlackClock "00:03:49"]
[WhiteTeam "Düsseldorfer Schachverein 1854"]
[BlackTeam "TV Tegernsee"]
[PlyCount "48"]
[WhiteFideId "34619585"]
[BlackFideId "34603506"]
[EventCountry "GER"]
[EventRounds "7"]
[EventType "team-swiss"]
[EventDate "2021.08.06"]

1. e4 {[%clk 00:55:09]} {[%emt 00:00:02]} e6 {[%clk 00:55:06]} {[%emt
00:00:04]} 2. d4 {[%clk 00:55:04]} {[%emt 00:00:10]} d5 {[%clk 00:55:06]}
{[%emt 00:00:04]} 3. Nd2 {[%clk 00:55:00]} {[%emt 00:00:09]} Nf6 {[%clk
00:54:51]} {[%emt 00:00:20]} 4. Bd3 {[%clk 00:50:22]} {[%emt 00:04:44]} dxe4
{[%clk 00:53:11]} {[%emt 00:01:45]} 5. Nxe4 {[%clk 00:49:00]} {[%emt 00:01:27]}
Be7 {[%clk 00:50:25]} {[%emt 00:02:51]} 6. Nf3 {[%clk 00:47:40]} {[%emt
00:01:24]} O-O {[%clk 00:48:17]} {[%emt 00:02:13]} 7. Nxf6+ {[%clk 00:45:49]}
{[%emt 00:01:57]} Bxf6 {[%clk 00:48:02]} {[%emt 00:00:20]} 8. h4 {[%clk
00:44:25]} {[%emt 00:01:29]} h6 {[%clk 00:43:28]} {[%emt 00:04:39]} 9. g4
{[%clk 00:42:23]} {[%emt 00:02:06]} Be7 {[%clk 00:41:18]} {[%emt 00:02:16]} 10.
g5 {[%clk 00:40:45]} {[%emt 00:01:42]} h5 {[%clk 00:38:47]} {[%emt 00:02:36]}
11. g6 {[%clk 00:40:20]} {[%emt 00:00:31]} fxg6 {[%clk 00:37:36]} {[%emt
00:01:17]} 12. Bxg6 {[%clk 00:39:47]} {[%emt 00:00:38]} Qd5 {[%clk 00:36:37]}
{[%emt 00:01:03]} 13. Rh3 {[%clk 00:38:40]} {[%emt 00:01:12]} e5 {[%clk
00:34:28]} {[%emt 00:02:15]} 14. Nxe5 {[%clk 00:25:30]} {[%emt 00:13:14]} Qg2
{[%clk 00:29:51]} {[%emt 00:04:42]} 15. Qxh5 {[%clk 00:14:56]} {[%emt
00:10:39]} Qxf2+ {[%clk 00:26:37]} {[%emt 00:03:19]} 16. Kd1 {[%clk 00:14:48]}
{[%emt 00:00:13]} Qxd4+ {[%clk 00:23:34]} {[%emt 00:03:07]} 17. Rd3 {[%clk
00:13:17]} {[%emt 00:01:36]} Rf1+ {[%clk 00:21:02]} {[%emt 00:02:38]} 18. Kd2
{[%clk 00:13:05]} {[%emt 00:00:16]} Qf4+ {[%clk 00:18:30]} {[%emt 00:02:38]}
19. Re3 {[%clk 00:11:58]} {[%emt 00:01:12]} Bb4+ {[%clk 00:09:26]} {[%emt
00:09:09]} 20. c3 {[%clk 00:11:21]} {[%emt 00:00:42]} Qd4+ {[%clk 00:07:53]}
{[%emt 00:01:37]} 21. Nd3 {[%clk 00:10:41]} {[%emt 00:00:46]} Rf2+ {[%clk
00:05:55]} {[%emt 00:02:02]} 22. Ke1 {[%clk 00:10:27]} {[%emt 00:00:19]} Rf1+
{[%clk 00:03:57]} {[%emt 00:02:04]} 23. Kxf1 {[%clk 00:10:20]} {[%emt
00:00:11]} Qf6+ {[%clk 00:03:49]} {[%emt 00:00:14]} 24. Kg1 {[%clk 00:09:33]}
{[%emt 00:00:52]} Bxc3 {[%emt 00:00:18]} 1-0

[Event "DVM U10 2020"]
[Site "Magdeburg GER"]
[Date "2021.08.07"]
[Round "4"]
[White "Franzky, Julian"]
[Black "Teng, David"]
[Result "1/2-1/2"]
[Termination "normal"]
[Board "2.3"]
[WhiteElo "1266"]
[BlackElo "1380"]
[WhiteClock "00:08:43"]
[BlackClock "00:22:10"]
[WhiteTeam "TV Tegernsee"]
[BlackTeam "Düsseldorfer Schachverein 1854"]
[PlyCount "61"]
[WhiteFideId "16291603"]
[BlackFideId "34604570"]
[EventCountry "GER"]
[EventRounds "7"]
[EventType "team-swiss"]
[EventDate "2021.08.06"]

1. e4 {[%clk 00:55:07]} {[%emt 00:00:03]} c5 {[%clk 00:55:01]} {[%emt
00:00:09]} 2. Nf3 {[%clk 00:55:08]} {[%emt 00:00:04]} e6 {[%clk 00:54:57]}
{[%emt 00:00:09]} 3. c3 {[%clk 00:55:10]} {[%emt 00:00:03]} a6 {[%clk
00:54:48]} {[%emt 00:00:14]} 4. d4 {[%emt 00:00:23]} b5 {[%clk 00:54:37]} 5.
Be3 {[%clk 00:51:33]} {[%emt 00:03:40]} Qc7 {[%emt 00:00:29]} 6. Bd3 {[%emt
00:01:37]} Bb7 {[%clk 00:50:51]} {[%emt 00:01:44]} 7. Nbd2 {[%clk 00:50:14]}
{[%emt 00:01:24]} Nf6 {[%clk 00:50:12]} {[%emt 00:00:44]} 8. h3 {[%clk
00:47:07]} {[%emt 00:03:13]} Be7 {[%clk 00:48:53]} {[%emt 00:01:22]} 9. O-O
{[%clk 00:46:15]} {[%emt 00:00:59]} O-O {[%clk 00:47:47]} {[%emt 00:01:10]} 10.
Bg5 {[%clk 00:40:06]} {[%emt 00:06:15]} h6 {[%clk 00:47:01]} {[%emt 00:00:51]}
11. Bh4 {[%clk 00:39:42]} {[%emt 00:00:29]} d6 {[%clk 00:46:14]} {[%emt
00:00:51]} 12. Qe2 {[%clk 00:36:27]} {[%emt 00:03:21]} Nbd7 {[%clk 00:45:27]}
{[%emt 00:00:51]} 13. e5 {[%clk 00:32:11]} {[%emt 00:04:22]} dxe5 {[%clk
00:44:36]} {[%emt 00:00:55]} 14. Nxe5 {[%clk 00:29:20]} {[%emt 00:02:57]} Nxe5
{[%clk 00:44:14]} {[%emt 00:00:25]} 15. Qxe5 {[%clk 00:28:12]} {[%emt
00:01:14]} Qxe5 {[%clk 00:43:57]} {[%emt 00:00:22]} 16. dxe5 {[%clk 00:27:48]}
{[%emt 00:00:30]} Nd5 {[%clk 00:40:28]} {[%emt 00:03:33]} 17. Bxe7 {[%clk
00:26:59]} {[%emt 00:00:55]} Nxe7 {[%clk 00:39:32]} {[%emt 00:00:57]} 18. Be4
{[%clk 00:25:22]} {[%emt 00:01:45]} Bd5 {[%clk 00:38:33]} {[%emt 00:01:02]} 19.
Rfe1 {[%clk 00:22:54]} {[%emt 00:02:36]} Rad8 {[%clk 00:38:09]} {[%emt
00:00:29]} 20. a3 {[%clk 00:21:15]} {[%emt 00:01:43]} Nc6 {[%clk 00:33:28]}
{[%emt 00:04:46]} 21. f4 {[%clk 00:18:40]} {[%emt 00:02:40]} f6 {[%clk
00:32:32]} {[%emt 00:01:02]} 22. Nf3 {[%clk 00:16:48]} {[%emt 00:01:57]} f5
{[%clk 00:29:46]} {[%emt 00:02:51]} 23. Bxd5 {[%clk 00:15:35]} {[%emt
00:01:17]} Rxd5 {[%clk 00:29:39]} {[%emt 00:00:12]} 24. Rad1 {[%clk 00:15:13]}
{[%emt 00:00:27]} Rfd8 {[%clk 00:29:19]} {[%emt 00:00:25]} 25. Rxd5 {[%clk
00:13:14]} {[%emt 00:02:05]} Rxd5 {[%clk 00:28:59]} {[%emt 00:00:25]} 26. Re2
{[%clk 00:10:22]} {[%emt 00:02:57]} Kf7 {[%clk 00:27:40]} {[%emt 00:01:24]} 27.
Rd2 {[%clk 00:09:32]} {[%emt 00:00:55]} Ne7 {[%clk 00:24:40]} {[%emt 00:03:04]}
28. Kf2 {[%clk 00:08:43]} {[%emt 00:00:54]} Ke8 {[%clk 00:23:02]} {[%emt
00:01:44]} 29. g3 {[%emt 00:04:11]} a5 30. h4 b4 {[%clk 00:22:10]} 31. axb4
1/2-1/2

[Event "DVM U10 2020"]
[Site "Magdeburg GER"]
[Date "2021.08.07"]
[Round "4"]
[White "Kovalskyy, Alicia"]
[Black "Wagner, Cosima"]
[Result "0-1"]
[Termination "normal"]
[Board "2.4"]
[WhiteElo "794"]
[BlackElo "970"]
[WhiteClock "00:22:27"]
[BlackClock "00:39:07"]
[WhiteTeam "Düsseldorfer Schachverein 1854"]
[BlackTeam "TV Tegernsee"]
[PlyCount "53"]
[WhiteFideId "34612130"]
[BlackFideId "34603484"]
[EventCountry "GER"]
[EventRounds "7"]
[EventType "team-swiss"]
[EventDate "2021.08.06"]

1. e4 {[%clk 00:55:08]} {[%emt 00:00:02]} c5 {[%clk 00:55:05]} {[%emt
00:00:06]} 2. Nf3 {[%clk 00:55:08]} {[%emt 00:00:04]} g6 {[%clk 00:55:06]}
{[%emt 00:00:04]} 3. d4 {[%clk 00:55:03]} {[%emt 00:00:09]} cxd4 {[%clk
00:55:06]} {[%emt 00:00:06]} 4. Qxd4 {[%clk 00:54:34]} {[%emt 00:00:34]} Nf6
{[%clk 00:55:03]} {[%emt 00:00:09]} 5. e5 {[%clk 00:54:26]} {[%emt 00:00:12]}
Nc6 {[%clk 00:55:02]} {[%emt 00:00:07]} 6. Qd1 {[%clk 00:52:50]} {[%emt
00:01:41]} Ng4 {[%clk 00:54:51]} {[%emt 00:00:16]} 7. Bf4 {[%clk 00:50:39]}
{[%emt 00:02:15]} Bg7 {[%clk 00:54:44]} {[%emt 00:00:13]} 8. Qe2 {[%clk
00:49:06]} {[%emt 00:01:37]} d6 {[%clk 00:52:15]} {[%emt 00:02:35]} 9. Qc4
{[%clk 00:41:30]} {[%emt 00:07:41]} Ngxe5 {[%clk 00:49:20]} {[%emt 00:02:59]}
10. Bxe5 {[%clk 00:39:10]} {[%emt 00:02:25]} Nxe5 {[%clk 00:48:58]} {[%emt
00:00:27]} 11. Qb5+ {[%clk 00:38:26]} {[%emt 00:00:49]} Bd7 {[%clk 00:48:18]}
{[%emt 00:00:46]} 12. Qb3 {[%clk 00:34:59]} {[%emt 00:03:31]} Nxf3+ {[%clk
00:46:30]} {[%emt 00:01:53]} 13. gxf3 {[%clk 00:34:50]} {[%emt 00:00:15]} Qb6
{[%clk 00:45:31]} {[%emt 00:01:04]} 14. Nc3 {[%clk 00:33:36]} {[%emt 00:01:19]}
Rc8 {[%clk 00:45:04]} {[%emt 00:00:31]} 15. Bc4 {[%clk 00:32:22]} {[%emt
00:01:19]} O-O {[%clk 00:44:42]} {[%emt 00:00:28]} 16. Nd5 {[%clk 00:31:16]}
{[%emt 00:01:10]} Qxb3 {[%clk 00:43:46]} {[%emt 00:01:01]} 17. Nxe7+ {[%clk
00:31:00]} {[%emt 00:00:21]} Kh8 {[%clk 00:43:29]} {[%emt 00:00:23]} 18. Nxg6+
{[%clk 00:29:48]} {[%emt 00:01:16]} fxg6 {[%clk 00:43:11]} {[%emt 00:00:23]}
19. Bxb3 {[%clk 00:28:38]} {[%emt 00:01:16]} Bxb2 {[%clk 00:42:51]} {[%emt
00:00:25]} 20. Rd1 {[%clk 00:28:06]} {[%emt 00:00:36]} Bc3+ {[%clk 00:42:26]}
{[%emt 00:00:30]} 21. Kf1 {[%clk 00:27:59]} {[%emt 00:00:12]} Bh3+ {[%clk
00:41:51]} {[%emt 00:00:40]} 22. Ke2 {[%clk 00:26:55]} {[%emt 00:01:10]} Bg2
{[%clk 00:41:31]} {[%emt 00:00:24]} 23. Kd3 {[%clk 00:25:24]} {[%emt 00:01:36]}
Bxf3 {[%clk 00:41:05]} {[%emt 00:00:32]} 24. Be6 {[%clk 00:24:52]} {[%emt
00:00:37]} Rc7 {[%clk 00:40:13]} {[%emt 00:00:57]} 25. Ke3 {[%clk 00:24:34]}
{[%emt 00:00:23]} Bxh1 {[%clk 00:39:32]} {[%emt 00:00:45]} 26. Rxh1 {[%clk
00:22:27]} {[%emt 00:02:13]} Re8 {[%clk 00:39:07]} {[%emt 00:00:30]} 27. Rf1
{[%emt 00:01:48]} 0-1

[Event "DVM U10 2020"]
[Site "Magdeburg GER"]
[Date "2021.08.07"]
[Round "4"]
[White "Nguyen, Bach Khoi"]
[Black "Middendorf, Sven-Jonas"]
[Result "0-1"]
[Termination "normal"]
[Board "3.1"]
[WhiteElo "1086"]
[BlackElo "1407"]
[WhiteClock "00:07:29"]
[BlackClock "00:13:09"]
[WhiteTeam "TSG Oberschöneweide e.V."]
[BlackTeam "SV Hellas Nauen e.V."]
[PlyCount "62"]
[WhiteFideId "34600256"]
[BlackFideId "16287207"]
[EventCountry "GER"]
[EventRounds "7"]
[EventType "team-swiss"]
[EventDate "2021.08.06"]

1. e4 {[%clk 00:55:06]} {[%emt 00:00:03]} e5 {[%clk 00:55:07]} {[%emt
00:00:04]} 2. Nf3 {[%clk 00:55:05]} {[%emt 00:00:06]} Nc6 {[%clk 00:55:05]}
{[%emt 00:00:07]} 3. Bc4 {[%clk 00:55:03]} {[%emt 00:00:06]} Bc5 {[%clk
00:55:05]} {[%emt 00:00:05]} 4. c3 {[%clk 00:55:00]} {[%emt 00:00:08]} Nf6
{[%clk 00:55:05]} {[%emt 00:00:05]} 5. d3 {[%clk 00:54:58]} {[%emt 00:00:08]}
h6 {[%clk 00:54:27]} {[%emt 00:00:43]} 6. Bb3 {[%clk 00:53:31]} {[%emt
00:01:31]} d6 {[%clk 00:53:49]} {[%emt 00:00:43]} 7. O-O {[%clk 00:53:22]}
{[%emt 00:00:14]} Bg4 {[%clk 00:53:16]} {[%emt 00:00:38]} 8. h3 {[%clk
00:52:10]} {[%emt 00:01:18]} Be6 {[%clk 00:52:09]} {[%emt 00:01:12]} 9. Bc2
{[%clk 00:51:42]} {[%emt 00:00:31]} Bb6 {[%clk 00:48:47]} {[%emt 00:03:28]} 10.
Nbd2 {[%clk 00:50:09]} {[%emt 00:01:38]} Qd7 {[%clk 00:46:12]} {[%emt
00:02:40]} 11. Re1 {[%clk 00:48:46]} {[%emt 00:01:27]} g5 {[%clk 00:43:53]}
{[%emt 00:02:26]} 12. Nh2 {[%clk 00:43:30]} {[%emt 00:05:21]} g4 {[%clk
00:39:39]} {[%emt 00:04:18]} 13. h4 {[%clk 00:41:23]} {[%emt 00:02:12]} g3
{[%clk 00:39:03]} {[%emt 00:00:41]} 14. Rf1 {[%clk 00:38:59]} {[%emt 00:03:43]}
gxh2+ {[%clk 00:40:21]} {[%emt 00:00:45]} 15. Kh1 {[%clk 00:35:12]} {[%emt
00:03:52]} Rg8 {[%clk 00:38:09]} {[%emt 00:02:17]} 16. Nf3 {[%clk 00:33:17]}
{[%emt 00:02:00]} Bh3 {[%clk 00:32:17]} {[%emt 00:05:57]} 17. Ne1 {[%clk
00:28:04]} {[%emt 00:05:18]} Qg4 {[%clk 00:29:05]} {[%emt 00:03:18]} 18. Qxg4
{[%clk 00:23:48]} {[%emt 00:04:20]} Bxg4 {[%clk 00:28:39]} {[%emt 00:00:31]}
19. Bxh6 {[%clk 00:23:16]} {[%emt 00:00:37]} Be2 {[%clk 00:28:27]} {[%emt
00:00:16]} 20. Nf3 {[%clk 00:22:56]} {[%emt 00:00:26]} Bxf1 {[%clk 00:28:13]}
{[%emt 00:00:19]} 21. Rxf1 {[%clk 00:22:56]} {[%emt 00:00:05]} Ng4 {[%clk
00:27:09]} {[%emt 00:01:09]} 22. Bg5 {[%clk 00:22:41]} {[%emt 00:00:20]} f6
{[%clk 00:24:56]} {[%emt 00:02:18]} 23. Bd2 {[%clk 00:19:26]} {[%emt 00:03:18]}
Bxf2 {[%clk 00:22:48]} {[%emt 00:02:15]} 24. Bb3 {[%clk 00:18:04]} {[%emt
00:01:26]} Rg7 {[%clk 00:21:40]} {[%emt 00:01:14]} 25. Be6 {[%clk 00:16:29]}
{[%emt 00:01:40]} Bg1 {[%clk 00:20:50]} {[%emt 00:00:56]} 26. Nxg1 {[%clk
00:14:36]} {[%emt 00:01:57]} hxg1=Q+ 27. Kxg1 Ke7 {[%clk 00:18:44]} {[%emt
00:01:17]} 28. Bf5 {[%clk 00:13:49]} {[%emt 00:00:52]} Rh8 {[%clk 00:17:31]}
{[%emt 00:01:18]} 29. Be1 {[%clk 00:09:42]} {[%emt 00:04:11]} Ne3 {[%clk
00:14:40]} {[%emt 00:02:57]} 30. Rf3 {[%clk 00:09:15]} {[%emt 00:00:32]} Nxg2
{[%clk 00:14:00]} {[%emt 00:00:45]} 31. Bg3 {[%clk 00:07:29]} {[%emt 00:01:51]}
Nxh4 {[%clk 00:13:09]} {[%emt 00:00:57]} 1/2-1/2